000 00804nam a2200277 i 4500
001 000029237
003 DO-SdBNP
005 20260321073646.0
007 ta
008 250410s2024 dr 000 0 spa d
020 _a9789945637427
040 _aDO-SdBNP
_bspa
_cBNPHU
_erda
041 _hspa
082 4 _axxx
_bP438g
_222
100 1 _a Bosch, Juan,
_d1909-2001
_eautor
_976555
245 1 0 _aEl grandesliga de la patria grande /
_cEdwin R.Pérez
264 _aSan Juan, Puerto Rico :
_bIsla Negra,
_c2024
300 _a238 páginas. :
_bilustraciones ;
_c24 cm.
336 _2rdacontent
_atexto
_btxt
337 _2rdamedia
_asin mediación
_bn
338 _2rdacarrier
_avolumen
_bnc
490 _aVisiones y cegueras
590 _aInventariado, 2025 / DG
910 _aDG
942 _2ddc
_cLBS1
999 _c58699
_d58699